Регионална библиотека "Любен Каравелов" - Русе

Трички сестрички (Запис номер 143052)

MARC детайли
000 -Лидер
Контролно поле с фиксирана дължина 01678nam a2200373 c 4500
003 - Код на организацията, давaща контролен номер
Контролно поле BLK
005 - Дата и час на последна редакция
Контролно поле 20240228104952.0
008 - Елементи от данни с фиксирана дължина
fixed length control field 180409b bul|||||r ||||||| ||bul||
010 ## - Наследен системен номер
LC control number KNG00149156000
040 ## - Източник на каталожния запис
Идентификатор на билиотеката - собственик на записа BLK
041 ## - Код за език
Код за езика на текст/звукозапис или на отделно заглавие Български
Код за езика КДБФ Български
072 #7 - Код за тематичната категория
Код организация bullib
Код за тематична категория К
Текст Краезнание
072 #7 - Код за тематичната категория
Код организация bullib
Код за тематична категория РА
Текст Русенски автори
080 ## - УДК
Текстов определител УДК Българска литература
УДК код - определител по УДК 821.163.2
УДК определител -93-1
УДК - код + определител 821.163.2-93-1
100 ## - Редна дума - Автор
Автор Цанев, Иван
Автор - информация (биография) Поет. Литературовед. Преводач от гръцки и унгарски език.
Дати, свързани с автора 1941-
Пълна форма на името Иванов, Иван Цанев
R(LIN) 364167
139 ## - Редно поле
Редна дума Цанев, Иван
Авторски знак Цан - Ц 16
245 10 - Сведения за заглавието
Заглавие Трички сестрички
Подзаглавни данни Три поемки за деца : За предучилищна възраст
Редно поле (дума) Иван Цанев; худож. Невена Петрова Тузсузова; * Иван Цанев Иванов.
257 ## - Страна на издаване
Страна на създаване/издаване България
260 ## - Област на издателските данни
Име на издателя, разпространителя и проч. Бълг. художник
Година на издаване 1985
300 ## - Физическа характеристика
Страници 16 с.
Илюстрации и др. с цв. ил.
Размери/Мащаб 32 см
380 ## - Жанр
Жанр Детска худож. лит.
500 ## - Общи забележки
Забележка Пълното име на авт. е Иван Цанев Иванов. - 60 120 тир.
659 ## - Тематичен бюлетин
Тематичен бюлетин К
700 1# - Други автори (авторска отговорност)
Лично име Тузсузова, Невена Петрова
Автороска отговорност (Описва отношението между автора и произведението) худож.
9 (RLIN) 377179
700 1# - Други автори (авторска отговорност)
Лично име Иванов, Иван Цанев
Автороска отговорност (Описва отношението между автора и произведението) *
9 (RLIN) 327814
852 ## - Местоположение
Форматна сигнатура Цб ІІ 18768
852 ## - Местоположение
Форматна сигнатура К 821.163.2/Ц 16 И
856 4# - Електронен адрес и достъп
Електронен формат pdf - файл
856 4# - Електронен адрес и достъп
Електронен формат pdf - файл
999 ## - СИСТЕМНИ КОНТРОЛНИ НОМЕРА
Koha biblionumber 143052
Koha biblioitemnumber 143052
942 ## - АРТИКУЛИ
Вид на библиотечния материал Книги
Скрит в OPAC Не
Периодичен библиозапис Да
944 ## - СЪЗДАВАНЕ И РЕДАКЦИЯ на ЗАПИСА
Създаване/Редакция Създаване
Дата на регистрацията/редакция 09.08.2013
Статус, дата на статуса Геновева Генчева
Служител, извършил регистрацията/редакцията 30560
944 ## - СЪЗДАВАНЕ И РЕДАКЦИЯ на ЗАПИСА
Създаване/Редакция Редакция
Дата на регистрацията/редакция 13.09.2017
Статус, дата на статуса 09.08.2013 - от С1,Р / 09.08.2013
Служител, извършил регистрацията/редакцията Вася_Ганчева
999 ## - СИСТЕМНИ КОНТРОЛНИ НОМЕРА
Koha biblioitemnumber 143052
Наличности
Код за отписване Код за изгубен артикул Източник на класификационната схема Код за повреда Коз за рестрикции Код за отдаване Артикулен № Име на библиотеката - собственик Име на библиотеката, в която се намира в момента Статус (Текущо местоположение) Дата на вписване в системата Местоположение - отдел Цена в лева Инвентарен номер Систематично азбучна сигнатура Баркод Номер на екземпляра Цена в евро Служебна бележка Служебен тип на артикула Бележка за публиката
  Не е изгубен Universal Decimal Classification Не е повреден само за читалня ползва се в читалня 237245 Регионална библиотека "Любен Каравелов" Русе Регионална библиотека "Любен Каравелов" Русе Хранилище 1985-01-01 Хранилище 0.59 426171 Цб ІІ 18768 120000426171 1 0.30 Вид: Сф N: стар фонд Дата: 01.01.1985 Книги  
  Не е изгубен Universal Decimal Classification Не е повреден без рестрикции ползва се в читалня 237246 Регионална библиотека "Любен Каравелов" Русе Регионална библиотека "Любен Каравелов" Русе Краезнание 1985-01-01 Краезнание 0.59 428593 К 821.163.2/Ц 16 И 120000428593 2 0.30 Вид: Сф N: стар фонд Дата: 01.01.1985 Дата инв: 15.11.2017 Бележки инв: К2017 Книги  
Изтеглен Не е изгубен   Не е повреден без рестрикции заемане за дома 237247 Регионална библиотека "Любен Каравелов" Русе Регионална библиотека "Любен Каравелов" Русе Детски отдел 1985-01-01 Детски отдел 0.59 428588 ДХ 886.7/Ц 16 428588 3 0.30 Вид: Сф N: стар фонд Дата: 01.01.1985 Дата инв: 13.08.2015 Бележки инв: Д2015 Книги  
Изтеглен Не е изгубен Universal Decimal Classification Не е повреден без рестрикции заемане за дома 237248 Регионална библиотека "Любен Каравелов" Русе Регионална библиотека "Любен Каравелов" Русе Детски отдел 1985-01-01 Детски отдел 0.59 428590 ДХ 886.7/Ц 16 428590 4 0.30 Вид: Сф N: стар фонд Дата: 01.01.1985 Дата инв: 07.10.2015 Бележки инв: Д2015 Книги  
Изтеглен Не е изгубен Universal Decimal Classification Не е повреден без рестрикции заемане за дома 237249 Регионална библиотека "Любен Каравелов" Русе Регионална библиотека "Любен Каравелов" Русе Детски отдел 1985-01-01 Детски отдел 0.59 428591 ДХ 886.7/Ц 16 428591 5 0.30 Вид: Сф N: стар фонд Дата: 01.01.1985 Дата инв: 07.10.2015 Бележки инв: Д2015 Книги  
Изтеглен Не е изгубен   Не е повреден без рестрикции заемане за дома 237250 Регионална библиотека "Любен Каравелов" Русе Регионална библиотека "Любен Каравелов" Русе   1985-01-01 Детски отдел 0.59 567911 ДХ 886.7/Ц 16 567911 6 0.30 Вид: Сф N: стар фонд Дата: 01.01.1985 Дата инв: 07.10.2015 Бележки инв: Д2015 Книги Отч.N: 27/2017 , Дата: 16.08.2017
Vip Innovations Ltd, Rousse, Bulgaria 2025